000 00554nam a2200193Ia 4500
005 20250508163318.0
008 008 250505s9999 xx 000 0 eng d
037 _aDissertations
040 _aFEDL
_beng
_cFEDL
041 _aeng
_2eng
084 _a370, DAS/DI
_qFEDL
100 _aDas Suman
_9775087
245 0 _aStudy of high achievers with respect to their needs and interests
260 _c1988
300 _a71p.
546 _aM.Ed. Dissertation (Delhi University)
942 _cDIS
_h370, DAS/DI
999 _c1382249
_d1382249